| 000 | 00579nam a2200193 a 4500 | ||
|---|---|---|---|
| 005 | 20210219153303.0 | ||
| 008 | 991125n 000 0 spa u | ||
| 035 | _aUPN01000088661 | ||
| 100 | 1 | _aCamarena G., Luis | |
| 222 | _aRUMBOS : | ||
| 222 | _bORGANO DE LA COOPERATIVA MEXICANA DE LA ESCUELA NUEVA | ||
| 245 | _aEl museo escolar como parte del material didáctico en funciones de la enseñanza | ||
| 300 | _a7-8 | ||
| 362 | 0 | _a1953 Vol. 2, no. 8, feb. | |
| 653 | 0 | _aMUSEO ESCOLAR | |
| 653 | 0 | _aINSTITUCIONES EDUCATIVAS | |
| 904 |
_aAC _b026472 |
||
| 905 | _aArticulo | ||
| 999 |
_c73143 _d73143 |
||